LEADER 04806 am 2200889 n 450 001 9910168759103321 005 20170301 010 $a2-916125-52-3 024 7 $a10.4000/books.alpara.2910 035 $a(CKB)3710000001127742 035 $a(FrMaCLE)OB-alpara-2910 035 $a(oapen)https://directory.doabooks.org/handle/20.500.12854/41276 035 $a(PPN)202675076 035 $a(EXLCZ)993710000001127742 100 $a20170324j|||||||| ||| 0 101 0 $afre 135 $auu||||||m|||| 181 $ctxt$2rdacontent 182 $cc$2rdamedia 183 $acr$2rdacarrier 200 12$aL'Armorial de Guillaume Revel $eChâteaux, villes et bourgs du forez au xve siècle /$fPierre-Yves Laffont 210 $aLyon $cAlpara$d2017 215 $a1 online resource (502 p.) 311 $a2-916125-05-1 330 $aAu milieu du XVe siècle, le héraut d?armes Guillaume Revel entreprend, à la demande du duc de Bourbon Charles Ier, de rassembler en un recueil les armoiries de familles nobles d?Auvergne, du Bourbonnais et du Forez. Mais le parti original du manuscrit (Bnf, ms fr 22297) est d?avoir inclus des vignettes peintes reproduisant des vues réalistes et détaillées des chefs-lieux de seigneuries (châteaux, villes, villages, prieurés fortifiés?) relevant de la suzeraineté des ducs de Bourbon. Ce nouveau volume de la collection des DARA, fruit d?un travail collectif, est consacré à la section forézienne de l?armorial de Guillaume Revel. Les auteurs, tant dans la partie introductive que dans les monographies consacrées aux cinquante quatre sites figurés dans le recueil, ont pris le parti de faire sa place à l?arrière-plan historique et archivistique, ce qui leur permet d?aborder une histoire du paysage et de son évolution à partir d?une description critique des vignettes. Ainsi circule-t-on, dans un va-et-vient continu, servi par une présentation homogénéisée, entre les données historiques ou archéologiques, la lecture et l?interprétation des plans cadastraux, les études d?archéologie du bâti, et l?analyse comparée des vignettes. Ces illustrations constituent un jalon important dans l?histoire de la représentation du paysage, non seulement en France, mais aussi dans toute l?Europe occidentale. Ce ne sont pas des images « muettes », car leurs auteurs ont choisi l?angle de « prise de vue » qui pouvait servir au mieux le rendu du château ou de la ville. L?architecture militaire y est l?élément le plus diversement illustré ? alors que l?habitat civil, protégé par les fortifications du castrum ou de la ville, ne bénéficie pas de la même précision, tant les formes architecturales ont fait l?objet d?une simplification et d?une représentation généralement stéréotypée. Mais c?est aussi l?histoire de la genèse des villes du Forez qui transparaît au bon observateur. La présence des? 606 $aMedieval & Renaissance Studies 606 $achâteau 606 $aMoyen Âge 606 $amaison forte 606 $afortification 606 $amanuscrit 606 $aville fortifiée 606 $aarchéologie 606 $abourg castral 610 $aForez 610 $aMoyen Âge 610 $achâteaux 610 $aillustration 610 $aFrance 610 $aXVème siècle 610 $amanuscrit 615 4$aMedieval & Renaissance Studies 615 4$achâteau 615 4$aMoyen Âge 615 4$amaison forte 615 4$afortification 615 4$amanuscrit 615 4$aville fortifiée 615 4$aarchéologie 615 4$abourg castral 700 $aBarrier$b Christian Le$01331225 701 $aBlanc$b Violette$01331226 701 $aBonne$b Bernard$01331227 701 $aBoos$b Emmanuel De$0764344 701 $aBouillon$b Christophe$01331228 701 $aBrechon$b Franck$01307195 701 $aBuffard$b Frédéric$01331229 701 $aColombet-Lasseigne$b Claude$01331230 701 $aDelomier$b Chantal$01307679 701 $aFerrand$b Anne-Christine$01331231 701 $aJournaix$b Axelle$01331232 701 $aLaffont$b Pierre-Yves$01282606 701 $aMarcoux$b Pierre$01331233 701 $aMathevot$b Christophe$01331234 701 $aMattéoni$b Olivier$0519243 701 $aMottin$b Clément$01331235 701 $aPoncet$b Jean$0409029 701 $aQueyranne$b Jean-Jack$01284833 701 $aSalardon$b Catherine$01331236 701 $aSoubelet$b Pierre$01331237 701 $aValette$b Paul$0413296 701 $aLaffont$b Pierre-Yves$01282606 801 0$bFR-FrMaCLE 906 $aBOOK 912 $a9910168759103321 996 $aL'Armorial de Guillaume Revel$93040271 997 $aUNINA LEADER 04223nam 2200757 450 001 9910788132203321 005 20230126210514.0 035 $a(CKB)2670000000616319 035 $a(EBL)2050916 035 $a(SSID)ssj0001528710 035 $a(PQKBManifestationID)11845420 035 $a(PQKBTitleCode)TC0001528710 035 $a(PQKBWorkID)11518320 035 $a(PQKB)10270159 035 $a(OCoLC)909913460 035 $a(CaBNVSL)swl00405041 035 $a(Au-PeEL)EBL2050916 035 $a(CaPaEBR)ebr11056255 035 $a(CaONFJC)MIL784634 035 $a(OCoLC)910515670 035 $a(CaSebORM)9781631572326 035 $a(MiAaPQ)EBC2050916 035 $a(EXLCZ)992670000000616319 100 $a20150522d2015 fy 0 101 0 $aeng 135 $aur|n|---||||| 181 $ctxt 182 $cc 183 $acr 200 10$aWriting for the workplace $ebusiness communication for professionals /$fJanet Mizrahi 205 $aFirst edition. 210 1$aNew York, New York (222 East 46th Street, New York, NY 10017) :$cBusiness Expert Press,$d2015. 215 $a1 online resource (164 p.) 225 1 $aCorporate communication collection,$x2156-8170 300 $aDescription based upon print version of record. 311 $a1-63157-232-6 311 $a1-63157-233-4 320 $aIncludes bibliographical references (pages 143-144) and index. 327 $aPart I. Writing as a professional -- 1. Fundamentals of professional writing -- 2. Basics of document design -- Part II. Correspondence -- 3. Routine and positive messages -- 4. Persuasive and bad news messages -- 5. Social media and text messages -- Part III. Reports and presentations -- 6. Reports -- 7. Presentations -- Part IV. Employment -- 8. Employment communication -- Appendix A. 20 common writing errors to avoid -- Appendix B. Document samples -- Notes -- References -- Index. 330 3 $aEmployers consider communication one of the most critical skills for workers today. Writing for the Workplace: Business Communication for Professionals is an easy-to-follow guide that provides strategies for effective professional communication. Written to address the needs of both students entering the workforce and business professionals looking to improve their written communication, the book offers guides to compose typical workplace documents, from effective e-mails and convincing reports to winning presentations and engaging resumes. This concise book offers busy readers concrete strategies to improve their workplace writing. Part I addresses writing in today's fast-paced business and professional contexts and discusses writing as a process, professional writing style, writing tools, characteristics of effective workplace communication, and basic document design. Part II is a more detailed exploration of common written genres in the workplace and discusses correspondence such as e-mail messages, letters, memos, and social media for specific workplace situations. Part III delves into short and long reports and business presentations, and Part IV is dedicated to employment communication. Each section includes many sample documents and examines organization, tone, and genre elements. A list of common writing errors to avoid, helpful checklists, and easily scannable text make the book accessible and readable. 410 0$aCorporate communication collection.$x2156-8170 606 $aBusiness writing 606 $aBusiness communication 610 $abusiness communication 610 $abusiness presentations 610 $abusiness writing 610 $ae-mails 610 $aemployment communication 610 $anegative news 610 $apersuasive writing 610 $aprofessional communication 610 $aprofessional writing 610 $areports 610 $aroutine news 610 $aworkplace writing 615 0$aBusiness writing. 615 0$aBusiness communication. 676 $a808.06665 700 $aMizrahi$b Janet.$0866208 801 0$bMiAaPQ 801 1$bMiAaPQ 801 2$bMiAaPQ 906 $aBOOK 912 $a9910788132203321 996 $aWriting for the workplace$93791294 997 $aUNINA